| 000 | 00659nam a2200229 a 4500 | ||
|---|---|---|---|
| 001 | BRCA_7177 | ||
| 005 | 20190320205735.0 | ||
| 008 | 130112s1923----gw-#######---#000-0#ger-# | ||
| 041 | _ager | ||
| 044 | _agw | ||
| 050 | 4 |
_aQH183 _b.Y68 1923 |
|
| 100 | 1 |
_aYounghusband, Sir Francis Edward _d1863-1942 _917794 |
|
| 245 | 1 | 0 |
_aDas Herz der Natur _cSir Francis Younghusband. |
| 260 |
_aLeipzig, Alemania _bF.A. Brokhaus _c1923 |
||
| 300 |
_a234 p. _c23 cm. |
||
| 500 | _aP64 | ||
| 650 | 1 | 4 |
_aHistoria natural _910072 |
| 650 | 1 | 4 |
_aNaturaleza en el arte _917795 |
| 651 | 4 |
_aHimalaya (Montañas) _xDescripción y viajes _917796 |
|
| 902 | _aGFM | ||
| 942 |
_2lcc _cB |
||
| 999 |
_c6858 _d6858 |
||